Skład reprezentacji Polski na Mistrzostwach Świata 2014 - Statystyki

Ogólne statystyki
  • Ten quiz został rozwiązany 237 razy
  • Średni wynik to 9 z 15
Statystyki odpowiedzi
Numer Nazwisko % Poprawnych
Trener Stéphane Antiga
88%
1 Piotr Nowakowski
82%
13 Michał Kubiak
74%
10 Mariusz Wlazły
73%
2 Michał Winiarski
65%
17 Paweł Zatorski
65%
11 Fabian Drzyzga
64%
7 Karol Kłos
64%
5 Paweł Zagumny
61%
3 Dawid Konarski
60%
20 Mateusz Mika
56%
16 Krzysztof Ignaczak
55%
18 Marcin Możdżonek
53%
8 Andrzej Wrona
51%
21 Rafał Buszek
36%
Nie znaleziono quizów pasujących do podanych kryteriów
Rozkład punktacji
Procent ludzi z każdym wynikiem
Percentyl według liczby udzielonych odpowiedzi
Twoja historia wyników
Nie rozwiązałeś tego quizu